| 000 | 00381 a2200157 4500 | ||
|---|---|---|---|
| 003 | Nust | ||
| 005 | 20170207171639.0 | ||
| 040 | _cNust | ||
| 100 | _aMark Watson | ||
| 245 |
_aPractical Artificial Intelligence Programming With Java (E-BOOK) _cMark Watson |
||
| 250 | _aThird Edition | ||
| 260 |
_bUSA _c2008 |
||
| 300 | _a222 p | ||
| 650 | _cProgramming With Java ( | ||
| 651 | _aE-Book | ||
| 942 |
_2ddc _cBK |
||
| 999 |
_c218088 _d218088 |
||